000 00333nam a22001457a 4500
003 OSt
005 20160727222420.0
008 160627b xxu||||| |||| 00| 0 eng d
040 _cTEST
100 _91245
_aParker, S
245 _aComputers
260 _aLONDON
_bBEILTHA PRESS LTD.
_c1998
300 _aComputers
942 _2ddc
_cBK
999 _c1019
_d1019